LEADER 01294nam a2200277 u 4500 001 000000119251 003 CaOOAMICUS 005 20100118100720.0 008 100118t2008 gw u000 u eng u 020 $a978-3-16-149588-5 040 $aPUL$bita$dReb 245 04$aThe Resurrection of Jesus in the Gospel of John /$cedited by Craig R. Koester and Reimund Bieringer. 260 $aTübingen :$bMohr Siebeck,$cİ2008. 300 $aviii, 358 p. ;$c24 cm 490 1 $aWissenschaftliche Untersuchungen zum Neuen Testament ;$v222 504 $aBibliografia in nota. 630 04$aBiblia$pN.T.$pIohannes$xResurrezione di Cristo.$0(OLS)http://pul/subject/37967 700 1 $aBieringer, Reimund.$0(OLS)http://pul/name/17079 700 1 $aKoester, Craig R.$0(OLS)http://pul/name/74553 830 0$aWissenschaftliche Untersuchungen zum Neuen Testament ;$v222.$0(OLS)http://pul/title/8628 850 $aPUL 852 $aPUL$W1$xSL Religione 1$y3$m16 H 222$j136849$qStampati$B135871$CPULBib$Z2$F135871 $H112219 $82 941 1 $a8 996 $6020$a978-3-16-149588-5$9(OLS)http://pul/number/142988 996 $6245$aThe Resurrection of Jesus in the Gospel of John$9(OLS)http://pul/title/150063 996 $6260$aTübingen :$bMohr Siebeck$9(OLS)http://pul/publisher/52004 LEADER 01578nam a2200337 a 4500 001 000000125781 003 CaOOAMICUS 005 20110622102849.0 008 110622s2011 vc u000 u ita r 020 $a978-88-465-0738-9 040 $aPUL$bita 100 1 $aRiondino, Michele.$0(OLS)http://pul/name/78220 245 10$aGiustizia riparativa e mediazione nel diritto penale canonico /$cMichele Riondino. 260 $aRoma :$bLateran University Press,$cİ2011. 300 $a211 p. ;$c21 cm 490 1 $aCorona Lateranensis ;$v46 500 $aIn testa al front: Pontificia Universitas Lateranensis. Facultas Iuris Canonici. 502 $aTheses ad Doctoratum in Iure Canonico, Pontificia Universitas Lateranensis, 2011. 504 $aFonti e bibliografia p. [189]-208. 650 4$aDiritto canonico penale.$0(OLS)http://pul/subject/999 830 0$aCorona Lateranensis ;$v46.$0(OLS)http://pul/title/684 850 $aPUL 852 $aPUL$W1$xSL Religione 2$y84$mTheol A5b 46$j144890$qStampati Altre Collocazioni$q $B143899$CPULBib$Z2$F143899 $H117584 $81 852 $aPUL$W1$xDP1 Tesi Pon Univ. Lateranense$y41$m2011 C 26$j147855$qTesi$B146469$CPULBib$Z2$F146469 $82 941 1 $a16 941 1 $a10 960 $aDiritto penale canonico$9999 996 $6020$a978-88-465-0738-9$9(OLS)http://pul/number/147540 996 $6245$aGiustizia riparativa e mediazione nel diritto penale canonico$9(OLS)http://pul/title/158715 996 $6260$aRoma :$bLateran University Press$9(OLS)http://pul/publisher/74370